Um bom diabrete (Registo nº 1793)

Detalhes MARC
000 -Etiqueta do registo
Cabeçalho 00895nam a22003011 4500
005 - Identificador da versão
Campo de controlo 20240813121916.0
095 ## -
-- PTBN00026609
010 ## - Número internacional normalizado dos livros (ISBN)
Número (ISBN) 9726860547
021 ## - Número do Depósito Legal
Código do país PT
Número 35462/90
100 ## - Dados gerais de processamento
Dados gerais de processamento 19941101d1990 da y0pory5003 ba
102 ## - Pais de publicação ou produção
País de publicação Portugal
101 1# - Língua de publicação
Língua do texto, banda sonora, etc. Português
Língua do documento no original Francês
106 ## - Campo de dados codificados: material textual
Dados codificados do material textual r
105 ## - Campo de dados codificados: livros
Dados codificados dos livros a z 000zy
215 ## - Descrição física 
Indicação específica da natureza do documento e extensão da espécie 190 p.
Outras indicações físicas il.
Dimensões 18 cm
200 1# - Titulo e menção de responsabilidade
Título próprio Um bom diabrete
Primeira menção de responsabilidade Condessa de Ségur
Outras menções de responsabilidade il. Jobbé-Duval
-- capa de Marcel Marlier
225 2# - Colecção 
Título próprio da colecção Azul
Menção de responsabilidade relativa à colecção Condessa de Ségur
Indicação de volume 1
210 ## - Publicação, Distribuição, etc. 
Lugar da edição, distribuição, etc. Lisboa
Nome do editor, distribuidor, etc. Publica
Data da publicação, distribuição, etc. 1990
606 ## - Nome comum usado como assunto
Número de registo de entrada de autoridade 0000229
Palavra de ordem Literatura estrangeira infanto-juvenil
Subdivisão de assunto Romance de aventuras
675 ## - Classificação Decimal Universal (CDU)
Notação 82-311.3
Edição
Língua da edição por
702 #1 - Nome de autor-pessoa física (responsabilidade secundária)
Número de registo de entrada de autoridade 0000232
Palavra de ordem Jobbé-Duval
Código de função Ilustrador / Técnico de desenho computorizado
Número de registo de entrada de autoridade 0000233
Palavra de ordem Marlier
Outra parte do nome não tomada para palavra de ordem Marcel
Código de função Responsável pela concepção da capa e sobrecapa
700 #1 - Nome de autor-pessoa física (responsabilidade principal)
Número de registo de entrada de autoridade 0000306
Palavra de ordem Ségur
Elementos de identificação ou distinção Condessa de
Datas 1799-1874
942 ## - Elementos de entrada adicionados (Koha)
Tipo de item no Koha Livro
Exemplares
Situação do levantamento Origin of item (home branch) (coded) Biblioteca de empréstimo Código de barras Cota Circulation type (not for loan) Tipo de documento Nota do exemplar Damaged status
  Biblioteca Escolar da Coca Maravilhas Biblioteca Escolar da Coca Maravilhas BECM2588/94 8EST SEG   Livro Sem mensagem